000 00491nam a2200169Ia 4500
999 _c12724
_d12724
003 OSt
005 20201023120718.0
008 190216s9999||||xx |||||||||||||| ||und||
040 _coclc
082 _a823
_bANA/C
100 _aAnand, Mulk Raj
_95873
245 0 _aCoolie /
_cMulk Raj Anand ; Raghukul Tilak
260 _bRama Brothers ,
_c1996.
_aNew Delhi:
300 _a194p
650 _aEnglish Novel-English Novel
942 _cBK
_2ddc
_h823
_iANA/C
_k823
_mANA/C